Statystyki dla 200 najdrozszych pilkarzy na swiecie

Kliknij tutaj aby rozwiązać quiz!

Ogólne statystyki

  • Ten quiz został rozwiązany 50 razy
  • Średni wynik to 78 z 200

Statystyki odpowiedzi

HintOdpowiedź% Poprawnych
180mlnHaaland
97%
180mlnMbappe
97%
150mlnBellingham
89%
110mlnKane
84%
150mlnVini
81%
90mlnGavi
78%
70mlnDe bruyne
76%
50mlnNeymar
76%
100mlnRodrygo
73%
65mlnSalah
73%
110mlnMusiala
70%
100mlnPedri
70%
120mlnSaka
70%
75mlnSane
70%
80mlnDias
65%
100mln | 50mlnMartinez
65%
90mlnOdegaard
65%
75mlnRashford
65%
100mlnRodri
65%
45mln | 80mlnSilva
65%
90mlnCamavinga
62%
60mlnDembele
62%
110mlnFoden
62%
75mlnGrealish
62%
50mlnSon
62%
75mlnDiaz
59%
75mlnJesus
59%
65mlnNunez
59%
100mlnValverde
59%
45mlnDonnarumma
57%
80mlnFernandez
57%
55mlnGnabry
57%
45mln | 60mlnHernandez
57%
75mlnKimmich
57%
90mlnTchouameni
57%
40mlnAlaba
54%
80mlnAlvarez
54%
75mlnFernandes
54%
90mlnLeao
54%
40mlnLukaku
54%
42mlnAke
51%
50mlnCancelo
51%
40mlnCasemiro
51%
45mlnCourtois
51%
90mlnDe jong
51%
70mlnDe ligt
51%
40mlnEderson
51%
80mlnGvardiol
51%
80mlnKolo muani
51%
85mlnKvara
51%
120mlnOsimhen
51%
70mlnSaliba
51%
70mlnSzoboszlai
51%
50mlnAntony
49%
70mlnAraujo
49%
50mlnBalde
49%
50mlnFelix
49%
65mlnHakimi
49%
60mlnKounde
49%
80mlnMartinelli
49%
80mlnNkunku
49%
100mlnRice
49%
40mlnStones
49%
75mlnBarella
46%
65mlnMac allister
46%
45mlnMudryk
46%
40mlnRobertson
46%
50mlnSterling
46%
45mlnTorres
46%
70mlnVlahovic
46%
38mlnAkanji
43%
65mlnArnold
43%
45mlnChiesa
43%
70mlnDavies
43%
55mlnJames
43%
50mlnJota
43%
70mlnMaddison
43%
70mlnMilitao
43%
40mln | 50mlnOnana
43%
60mlnRomero
43%
65mlnComan
41%
55mlnGakpo
41%
45mlnGoretzka
41%
65mlnHojlund
41%
50mlnKulusevski
41%
60mlnMount
41%
40mlnThuram
41%
40mlnVeratti
41%
50mlnYamal
41%
60mlnBastoni
38%
90mlnCaicedo
38%
55mlnGabriel
38%
38mlnKovacic
38%
70mlnSimons
38%
60mlnTonali
38%
60mlnUpamecano
38%
55mlnWhite
38%
85mlnWirtz
38%
55mlnDiaby
35%
60mlnDoku
35%
70mlnIsak
35%
45mlnMaignan
35%
65mlnMarquinhos
35%
50mlnMitoma
35%
50mlnRamos
35%
40mlnRicharlison
35%
42mlnShaw
35%
55mlnWatkins
35%
35mlnAdeyemi
32%
40mlnBremer
32%
65mlnFerguson
32%
60mlnHavertz
32%
55mlnLuiz
32%
65mlnMendes
32%
65mlnPaqueta
32%
60mlnRaphinha
32%
50mlnTel
32%
40mlnTomori
32%
45mlnVitinha
32%
40mlnFofana
30%
38mlnKonate
30%
40mlnKudus
30%
40mlnLobotka
30%
55mlnNunes
30%
40mlnOyarzabal
30%
40mlnPorro
30%
35mlnSarr
30%
50mlnSkriniar
30%
45mlnBotman
27%
45mlnDimarco
27%
40mlnDisasi
27%
48mlnEze
27%
40mlnGuirassy
27%
35mlnJackson
27%
60mlnJae
27%
48mlnJohnson
27%
50mlnOlmo
27%
38mlnUdogie
27%
40mlnVan de Ven
27%
40mlnBadiashile
24%
40mlnBentancur
24%
48mlnBowen
24%
40mlnBrandt
24%
40mlnCalhanoglu
24%
45mlnCosta
24%
40mlnDe paul
24%
38mlnFabinho
24%
45mlnFrimpong
24%
45mlnGordon
24%
85mlnGuimaraes
24%
50mlnKubo
24%
50mlnLavia
24%
50mlnMerino
24%
50mlnOlise
24%
45mlnOpenda
24%
40mlnPavard
24%
40mlnBoniface
22%
40mlnDalot
22%
60mlnDavid
22%
40mlnRabiot
22%
42mlnTimber
22%
50mlnZaire emery
22%
40mlnChristensen
19%
40mlnGimenez
19%
50mlnMolina
19%
40mlnNeves
19%
42mlnRamsey
19%
40mlnSchloterbeck
19%
55mlnUgarte
19%
38mlnWard Prowse
19%
35mlnBarcola
16%
38mlnBennacer
16%
35mlnElliott
16%
35mlnHincapie
16%
42mlnJoelinton
16%
35mlnLukeba
16%
55mlnPalhinha
16%
40mlnSavic
16%
35mlnSimakan
16%
40mlnZubimendi
16%
35mlnPino
14%
40mlnScalvini
14%
40mlnTapsoba
14%
40mlnWilliams
14%
42mlnColwill
11%
35mlnDoucoure
11%
40mlnGibbs White
11%
40mlnKone
11%
40mlnWahi
11%
40mlnZambo Anguissa
11%
40mlnGallagher
8%
35mlnGonzalez
8%
35mlnKliman
8%
38mlnWillock
8%
42mlnZincenko
5%

Rozkład punktacji

Percentyl według liczby udzielonych odpowiedzi

Procent ludzi z każdym wynikiem

Twoja historia wyników

Nie rozwiązałeś tego quizu